000 00731nam a22002297a 4500
999 _c158915
_d158915
005 20181120125418.0
006 a|||||f|||| 00| 0
007 tc
008 180720b xxu||||| |||| 00| 0 eng d
010 _aB-348075-B-348076
020 _c196.00
035 _aB-348075
037 _bA.I.C.B.
082 _a340
100 _aDario, F.O.
245 _aAccidental Death of an Anarchist
_cF.O. Dario
260 _aDelhi
_bA.C.I.B.
_cN.D.
270 _aSector-5, Rohini,
_bNew Delhi
_e110085
300 _a4V.,various pages.
_c30cm(HB).
942 _2ddc
_cBRLEN
_h340
_mDAR